Manifest (TV Show) Trivia - Estadísticas

Estadísticas generales
  • Esta prueba ha sido intentada 14 veces
  • La puntuación promedio es 12 de 27
Estadísticas de respuestas
Hint Respuesta % Correcto
How many passengers die in the final episode? 11
71%
Who has the calling that ends up revealing Bill Daly's location? Ben
71%
Who injects Angelina with the antidote to callings? Ben
71%
In which episode of the fourth season Ben and Eden finally reunite? Fifth episode
71%
Angelina kills Grace in order to kidnap Eden, saying she was her ________ ______. Guardian Angel
71%
Which country did MA828 come from? Jamaica
71%
Who kills the Major? Saanvi
71%
How many of the traffickers die? Three
71%
Who gets shot in the end of the first season? Michaela
57%
What was the name of Grace's brother? Tarik
57%
Which part of the plane is found at Cuba? The tail
57%
How long is the time jump between the end of season three and the beginning of the last season? 2 years
43%
What is the first signal the characters get of their death date? A peacock
43%
How is the project dedicated to the study of MA828 called? Eureka
43%
Who says "own your truth" in the news? Kelly Taylor
43%
What words does the calling that Michaela disobeys said? Let him go
43%
Who is the bulgarian passenger Cal shares pain with? Marko Valeriev
43%
What is the name of the powerful stone that is half divided between Angelina and Cal? Omega Sapphire
43%
Who is the serial killer of the passengers? Angelina's father
29%
Who was Cal drawing at the end of the third season directed to? Dr. Gupta
29%
What is Cal' alias during the fourth season? Gabriel Stone
29%
What was Saanvi's couple seat in the plane? 7B
14%
Ben survives his death deate by _________ Angelina. Forgiving
14%
How does Griffin die in the last episode of the first season? He drowned
14%
Who says "We never know who to trust. Do we?" Jared
14%
When is the death date for the MA828 passengers? June 2nd, 2024
14%
What words are inscripted on Vance's wedding ring? The truth will set you free
14%
No se encontraron pruebas coincidentes
Distribución de puntuación
Porcentaje de gente con cada puntuación
Porcentaje por número respondido
Historial de tus puntuaciones
No has intentado esta prueba.